[Event "Tournament"]
[Site "masterchessopen.com Helsinki (Finland)"]
[Round "1"]
[White "Hurme Harri M (FIN)"]
[Black "Veingold Aleksandr (EST)"]
[Result "0-1"]
[WhiteElo "2258"]
[BlackElo "2485"]

1.d4 Nf6 2.c4 e6 3.Nc3 Bb4 4.e3 O-O 5.Bd3 d5 6.a3 Bxc3+ 7.bxc3 dxc4 8.Bxc4 c5
9.Ne2 e5 10.O-O Nc6 11.Bb2 Be6 12.Bd3 Qb6 13.Qb1 Rfd8 14.Rd1 Rac8 15.Bc1 Qc7
16.h3 h6 17.Bf5 Qd7 18.Bxe6 Qxe6 19.Bb2 Na5 20.a4 Nb3 21.Ra3 c4 22.Ng3 exd4
23.exd4 Re8 24.Bc1 Nd5 25.Qc2 Qg6 26.Ra2 Qxc2 27.Rxc2 Re6 28.Bd2 Ra6 29.Be1
Rxa4 30.Re2 Kf8 31.Re5 Rd8 32.Nf5 Ra6 33.f3 Re6 34.Re4 a5 35.Bh4 Rde8 36.Rxe6
Rxe6 37.Be1 a4 {#R} 0-1

[Event "It (cat.4)"]
[Site "masterchessopen.com Sas Van Gent (Netherlands)"]
[Round "3"]
[White "Goormachtigh Johan (BEL)"]
[Black "De Waal Mark (NED)"]
[Result "0-1"]
[WhiteElo "2280"]
[BlackElo "2300"]

1.d4 Nf6 2.c4 e6 3.Nc3 Bb4 4.e3 O-O 5.Bd3 d5 6.a3 Bxc3+ 7.bxc3 dxc4 8.Bxc4 c5
9.Ne2 Qc7 10.Bd3 e5 11.Bb2 Nc6 12.Qc2 Be6 13.f4 c4 14.Be4 exd4 15.cxd4 Nxe4
16.Qxe4 Bg4 17.Qc2 Rfe8 18.O-O Rxe3 19.Ng3 c3 20.Bc1 Nxd4 21.Qf2 Ne2+ 22.Nxe2
Rxe2 23.Qg3 Qc5+ 24.Kh1 Bf5 25.a4 Qc6 26.Be3 Rxg2 {#R} 0-1

[Event "Ch Norway (team)"]
[Site "masterchessopen.com Norway"]
[Round "7"]
[White "Elsness Frode (NOR)"]
[Black "Johannessen Leif Erlend (NOR)"]
[Result "1-0"]
[WhiteElo "2395"]
[BlackElo "2356"]

1.d4 e6 2.c4 Nf6 3.Nc3 Bb4 4.e3 O-O 5.Bd3 d5 6.a3 Bxc3+ 7.bxc3 c5 8.cxd5 exd5
9.Ne2 c4 10.Bb1 Ne4 11.f3 Nd6 12.Ng3 f5 13.O-O Re8 14.Re1 Qa5 15.Qd2 Nc6 16.a4
Ne7 17.Ba3 Qc7 18.e4 fxe4 19.fxe4 Be6 20.Qg5 Nxe4 21.Nxe4 dxe4 22.Bxe4 Ng6
23.Rab1 Bf7 24.Qc5 Qd7 25.a5 Rac8 26.Qf5 Qc7 27.Rf1 b6 28.axb6 axb6 29.Rf2 Be6
30.Qh5 Bf7 31.Bd5 Bxd5 32.Qxd5+ Kh8 33.Rf7 Nf4 34.Qf5 Ne2+ 35.Kh1 Qc6 36.Rf1
h6 37.Qg4 g5 38.Qf5 {#r} 1-0

[Event "Bayern Regionalliga Southeast 2000/01"]
[Site "masterchessopen.com Germany"]
[Round "1"]
[White "Ploehn Heiko"]
[Black "Scheipl Ralf (GER)"]
[Result "0-1"]
[WhiteElo "2165"]
[BlackElo "2268"]

1.d4 Nf6 2.c4 e6 3.Nc3 Bb4 4.e3 O-O 5.Bd3 d5 6.a3 Bxc3+ 7.bxc3 dxc4 8.Bxc4 c5
9.Ne2 Qc7 10.Bd3 e5 11.O-O Nc6 12.Bb2 Be6 13.Rc1 Rfd8 14.Qc2 Rac8 15.Ng3 Qd7
16.Ne4 Nxe4 17.Bxe4 cxd4 18.Bxh7+ Kh8 19.exd4 Nxd4 20.Qe4 f5 21.Qh4 Ne2+
22.Kh1 g5 23.Qxg5 Nxc1 24.Rxc1 {#R} 0-1

[Event "It (open)"]
[Site "masterchessopen.com Goch (Germany)"]
[Round "4"]
[White "Hilmer Frank (GER)"]
[Black "Becker Marcel (GER)"]
[Result "1-0"]
[WhiteElo "2209"]
[BlackElo "2245"]

1.d4 e6 2.c4 Nf6 3.Nc3 Bb4 4.e3 O-O 5.Bd3 d5 6.a3 Bxc3+ 7.bxc3 c5 8.cxd5 Qxd5
9.Nf3 b6 10.c4 Qc6 11.O-O Bb7 12.Bb2 Nbd7 13.Qc2 Rac8 14.d5 exd5 15.cxd5 Qxd5
16.Rfd1 Qc6 17.Bf5 Rcd8 18.Rd2 Nb8 19.Rad1 Rxd2 20.Rxd2 Ne4 21.Ne5 {#r} 1-0

[Event "It"]
[Site "masterchessopen.com Porto (Portugal)"]
[Round "4"]
[White "Rodrigues Jose (POR)"]
[Black "Costa Joao Guerra (POR)"]
[Result "0-1"]
[WhiteElo "2085"]
[BlackElo "2006"]

1.d4 Nf6 2.c4 e6 3.Nc3 Bb4 4.e3 O-O 5.Bd3 d5 6.a3 Bxc3+ 7.bxc3 c5 8.Ne2 b6
9.cxd5 exd5 10.O-O Re8 11.f3 h6 12.Ng3 Ba6 13.Bxa6 Nxa6 14.Qd3 c4 15.Qc2 b5
16.Bd2 Nc7 17.e4 dxe4 18.fxe4 Ne6 19.Kh1 Ng4 20.Nf5 Ng5 21.e5 Re6 22.h3 Nxh3
23.gxh3 Qd5+ 24.Kg1 Nxe5 25.Ne3 Nf3+ 26.Kg2 Rxe3 27.Kf2 Nxd2 28.Kxe3 Qg5+
29.Kf2 Qf4+ 30.Kg2 Qg5+ 31.Kh2 Nxf1+ 32.Rxf1 Re8 33.Rf3 Re1 34.Qf2 Qe7 35.Qg3
Re2+ 36.Rf2 Rxf2+ 37.Qxf2 Qxa3 38.Qg3 Qb2+ 39.Kg1 Qc1+ 40.Kg2 Qd2+ {#R} 0-1

[Event "Ch Canada (juniors)"]
[Site "masterchessopen.com Quebec (Canada)"]
[Round "6"]
[White "Kenney Jason (CAN)"]
[Black "Pescarus Radu (CAN)"]
[Result "1-0"]
[WhiteElo "2143"]
[BlackElo "1980"]

1.d4 Nf6 2.c4 e6 3.Nc3 Bb4 4.e3 O-O 5.Bd3 d5 6.a3 Bxc3+ 7.bxc3 c5 8.cxd5 exd5
9.Ne2 Nc6 10.O-O b6 11.Ng3 Re8 12.f3 Bb7 13.Ra2 Qd6 14.Raf2 Rac8 15.f4 Rcd8
16.f5 Na5 17.Bc2 Nc4 18.Qf3 Re7 19.Nh5 Rde8 20.Re2 cxd4 21.cxd4 Nxa3 22.Nxf6+
gxf6 23.Ba4 Rc8 24.e4 Nc4 25.e5 Nxe5 26.dxe5 Rxe5 27.Ba3 Qc7 28.Qg4+ Kh8
29.Bb2 d4 30.Bxd4 Rg8 31.Bxe5 Qc5+ 32.Qd4 fxe5 33.Qxc5 bxc5 34.g3 {#r} 1-0

[Event "It (open)"]
[Site "masterchessopen.com Ubeda (Spain)"]
[Round "3"]
[White "Bick John D (USA)"]
[Black "Del Rio Angelis Salvador G (ESP)"]
[Result "0-1"]
[WhiteElo "2292"]
[BlackElo "2467"]

1.d4 Nf6 2.c4 e6 3.Nc3 Bb4 4.e3 O-O 5.Bd3 d5 6.a3 Bxc3+ 7.bxc3 c5 8.cxd5 exd5
9.Ne2 b6 10.f3 Ba6 11.O-O Re8 12.Ng3 Bxd3 13.Qxd3 Nc6 14.Bb2 h5 15.Rad1 c4
16.Qd2 Qd7 17.Rde1 h4 18.Nh1 Qf5 19.Nf2 Qg6 20.Nh3 Re7 21.Qf2 Qh7 22.e4 dxe4
23.Ng5 Qg6 24.Nxe4 Rae8 25.Nd6 Rxe1 26.Rxe1 Rxe1+ 27.Qxe1 h3 28.Qe2 Qb1+
29.Kf2 Qh1 30.Qf1 Qxh2 31.Nxc4 Ng4+ {#R} 0-1

[Event "Ch Moscow Region"]
[Site "masterchessopen.com Dubna (Russia)"]
[Round "4"]
[White "Trotsenko Dmitriy M (RUS)"]
[Black "Efankov Egor (RUS)"]
[Result "0-1"]
[WhiteElo "2310"]
[BlackElo "2119"]

1.d4 Nf6 2.c4 e6 3.Nc3 Bb4 4.e3 O-O 5.Bd3 d5 6.a3 Bxc3+ 7.bxc3 c5 8.Ne2 Nbd7
9.O-O Qc7 10.cxd5 exd5 11.f3 Re8 12.Ng3 cxd4 13.cxd4 Nb6 14.Bd2 Nc4 15.Rc1 b5
16.e4 dxe4 17.fxe4 Qb6 18.Kh1 Bg4 19.Qc2 Nxd2 20.Qxd2 Qxd4 21.Qf4 Qe5 22.Qf2
a6 23.Rc5 Qd6 24.Rg5 h6 25.e5 Rxe5 26.Rxg4 Nxg4 27.Qxf7+ Kh8 28.Qf3 Rd8 29.Bb1
Nf6 30.Nf5 Qd5 31.Qf4 Qc4 32.Qf3 Qg4 {#R} 0-1

[Event "Bundesliga (2nd) South 2000/01"]
[Site "masterchessopen.com Germany"]
[Round "6"]
[White "Schnepp Gunnar (AUT)"]
[Black "Volke Karsten (GER)"]
[Result "0-1"]
[WhiteElo "2319"]
[BlackElo "2467"]

1.d4 Nf6 2.c4 e6 3.Nc3 Bb4 4.e3 O-O 5.Bd3 d5 6.a3 Bxc3+ 7.bxc3 dxc4 8.Bxc4 c5
9.Ne2 Qc7 10.Bd3 e5 11.dxe5 Qxe5 12.Qc2 Be6 13.f4 Qd6 14.Ng3 c4 15.Be2 Qc5
16.e4 Nc6 17.f5 Bc8 18.Bg5 Nd7 19.Qd2 Nde5 20.Be3 Qa5 21.O-O Rd8 22.Qe1 f6
23.Nh5 Bd7 24.Kh1 Be8 25.Nf4 Bf7 26.g4 Nd3 27.Qd2 Qe5 28.Bxd3 cxd3 29.Qg2 Re8
30.Nxd3 Qxe4 31.Qxe4 Rxe4 32.Bf4 b6 {#R} 0-1

[Event "Ch Paulista"]
[Site "masterchessopen.com Sorocaba (Brazil)"]
[Round "1"]
[White "Riboldi Mario Garcia (BRA)"]
[Black "Limp Eduardo (BRA)"]
[Result "0-1"]
[WhiteElo "1688"]
[BlackElo "2384"]

1.d4 Nf6 2.c4 e6 3.Nc3 Bb4 4.e3 O-O 5.Bd3 d5 6.a3 Bxc3+ 7.bxc3 b6 8.Ne2 Ba6
9.cxd5 Qxd5 10.O-O c5 11.f3 cxd4 12.cxd4 Bxd3 13.Qxd3 Rc8 14.Bb2 Nbd7 15.Nc3
Qb3 16.Rab1 Nd5 17.Rfc1 a6 18.Qd2 b5 19.Nxd5 exd5 20.Rxc8+ Rxc8 21.Rc1 Rc4
22.e4 Nb6 23.exd5 Nxd5 24.Qg5 Rxc1+ 25.Qxc1 Qe3+ 26.Qxe3 Nxe3 27.Bc1 Nd5
28.Kf2 f6 29.Bd2 Kf7 30.Ke2 Ke6 31.Kd3 f5 32.g4 g6 33.g5 Ne7 34.Ba5 Nc6 35.Bc3
Kd5 36.h3 Nd8 37.Bd2 Ne6 38.h4 Nxd4 {#R} 0-1

[Event "Memorial M.Sreiber (cat.8)"]
[Site "masterchessopen.com Subotica (Yugoslavia)"]
[Round "13"]
[White "Andonov Bogomil (BUL)"]
[Black "Savic Miodrag R (SRB)"]
[Result "0-1"]
[WhiteElo "2412"]
[BlackElo "2464"]

1.d4 Nf6 2.c4 e6 3.Nc3 Bb4 4.e3 O-O 5.Bd3 d5 6.a3 Bxc3+ 7.bxc3 b6 8.cxd5 exd5
9.Ne2 Ba6 10.O-O Re8 11.f3 Qc8 12.Ng3 Bxd3 13.Qxd3 Qa6 14.Qxa6 Nxa6 15.a4 c5
16.a5 b5 17.Kf2 cxd4 18.cxd4 Rac8 19.Bd2 Rc2 20.Ke2 Rc4 21.Kd3 Nd7 22.Rfc1 g6
23.Rc3 Nb4+ 24.Ke2 Nc2 25.Rb1 a6 26.Rxc4 dxc4 27.Ne4 f5 28.Nd6 Re6 29.Nxb5
axb5 30.d5 Re8 31.Kf2 b4 32.Bxb4 Rb8 33.a6 Rxb4 34.a7 Nb6 {#R} 0-1

[Event "Ch Iran"]
[Site "masterchessopen.com Teheran (Iran)"]
[Round "4"]
[White "Roghani Arash (IRI)"]
[Black "Ghorbani Mohsen (IRI)"]
[Result "0-1"]
[WhiteElo "2276"]
[BlackElo "2323"]

1.d4 Nf6 2.c4 e6 3.Nc3 Bb4 4.e3 O-O 5.Bd3 d5 6.a3 Bxc3+ 7.bxc3 c5 8.cxd5 exd5
9.Ne2 Re8 10.O-O Nc6 11.f3 a6 12.a4 Bd7 13.Ng3 Qc7 14.Re1 Na5 15.Kh1 Rad8
16.Ra2 h6 17.Bb1 Nc4 18.e4 dxe4 19.fxe4 Bg4 20.Qd3 Ne5 21.Qe3 Nc4 22.Qf2 cxd4
23.cxd4 Qb6 24.Bd3 Qxd4 25.Bxc4 Qxc4 26.Rc2 Qxa4 27.h3 Rd1 28.Rxd1 Bxd1 29.Rc7
Bh5 30.Rxb7 Bg6 31.Bxh6 {#R} 0-1

[Event "It (open) \"]
[Site "masterchessopen.com Winnipeg (Canada)"]
[Round "3"]
[White "Kaptsan Aron (CAN)"]
[Black "Baragar Fletcher (CAN)"]
[Result "0-1"]
[WhiteElo "2175"]
[BlackElo "2272"]

1.d4 Nf6 2.c4 e6 3.Nc3 Bb4 4.e3 O-O 5.Bd3 d5 6.a3 Bxc3+ 7.bxc3 dxc4 8.Bxc4 c5
9.Ne2 Qc7 10.Bd3 Nc6 11.O-O e5 12.Bb2 Rd8 13.Rc1 Be6 14.Qc2 Rac8 15.Bf5 Bxf5
16.Qxf5 Ne7 17.Qb1 c4 18.e4 Ng6 19.d5 Qb6 20.Qc2 Rc5 21.a4 Ra5 22.Ra1 Qa6
23.Ra3 Nd7 24.Rfa1 Nc5 25.Bc1 Nh4 26.Ng3 Qg6 27.f3 Nd3 28.Qe2 f5 29.Rb1 f4
30.Nh1 Ne1 31.g3 Nexf3+ 32.Kf1 Raxd5 33.Qxc4 Nxh2+ 34.Kf2 fxg3+ 35.Nxg3 Rf8+
{#R} 0-1

[Event "It (open)"]
[Site "masterchessopen.com Zaragoza (Spain)"]
[Round "8"]
[White "Gomez Luesia Jesus (ESP)"]
[Black "Estremera Panos Sergio (ESP)"]
[Result "0-1"]
[WhiteElo "2206"]
[BlackElo "2398"]

1.d4 Nf6 2.c4 e6 3.Nc3 Bb4 4.e3 O-O 5.Bd3 d5 6.a3 Bxc3+ 7.bxc3 dxc4 8.Bxc4 c5
9.Ne2 Qc7 10.Bd3 Nc6 11.f4 b6 12.O-O cxd4 13.exd4 Bb7 14.Rf3 Ne7 15.Rh3 Be4
16.Bxe4 Nxe4 17.Qd3 f5 18.Bd2 Rac8 19.Rc1 Qc4 20.Be1 Nd5 21.Rf3 b5 22.Rb1 a6
23.Qd1 Rc6 24.Rb3 Rfc8 25.Rd3 Qa4 26.Qb1 Ndxc3 27.Bxc3 Nxc3 28.Nxc3 Rxc3
29.Rbxc3 Rxc3 30.Qa2 Rc1+ {#R} 0-1

[Event "Ch Turkey"]
[Site "masterchessopen.com Ankara (Turkey)"]
[Round "9"]
[White "Cetinkaya Vedat Ali (TUR)"]
[Black "Apaydin Fethi (TUR)"]
[Result "0-1"]
[WhiteElo "2058"]
[BlackElo "2054"]

1.d4 Nf6 2.c4 e6 3.Nc3 Bb4 4.e3 O-O 5.Bd3 d5 6.a3 Bxc3+ 7.bxc3 b6 8.Ne2 Ba6
9.cxd5 Bxd3 10.Qxd3 exd5 11.O-O Nc6 12.Ng3 Re8 13.f3 Na5 14.e4 Nb3 15.Rb1 dxe4
16.fxe4 Nc5 17.Qf3 Ncxe4 18.Bf4 Qd5 19.Qd3 c5 20.Rbd1 Rac8 21.Be5 cxd4 22.Bxd4
Rcd8 23.Rf5 Qd7 24.Qf3 Nxg3 25.hxg3 Ne4 26.Rf1 f6 27.Rh5 h6 28.Rc1 Qd6 29.Kh2
Ng5 30.Qf5 Qd5 31.Qd3 Re4 32.Rf1 Rde8 33.Rf4 Re2 {#R} 0-1

[Event "It (open)"]
[Site "masterchessopen.com Birstonas (Lithuania)"]
[Round "2"]
[White "Romanov Oleg (BLR)"]
[Black "Jegorovas Aleksandras (LTU)"]
[Result "1-0"]
[WhiteElo "2407"]
[BlackElo "2275"]

1.d4 Nf6 2.c4 e6 3.Nc3 Bb4 4.e3 O-O 5.Bd3 d5 6.a3 Bxc3+ 7.bxc3 c5 8.Ne2 dxc4
9.Bxc4 Qc7 10.Ba2 b5 11.O-O Bb7 12.f3 Nbd7 13.e4 e5 14.Be3 Rac8 15.Ng3 Nb6
16.Nf5 Rfd8 17.Bg5 cxd4 18.Bxf6 gxf6 19.Qd2 Kf8 20.Qh6+ Ke8 21.Qxf6 Nc4
22.Ng7+ Kd7 23.Qxf7+ Kc6 24.Bxc4 Qxf7 25.Bxf7 dxc3 26.Nf5 Kb6 27.Ne7 Rc7
28.Nd5+ Bxd5 29.Bxd5 a5 30.Kf2 b4 31.axb4 axb4 32.Ke3 Kb5 33.Bb3 c2 34.Ba4+
Kb6 35.Rfc1 Ra8 36.Kd2 Rd8+ 37.Ke3 Ra8 38.Ra2 h5 39.Raxc2 {#r} 1-0

[Event "It (open) \"]
[Site "masterchessopen.com Copenhagen (Denmark)"]
[Round "2"]
[White "Hoi Carsten (DEN)"]
[Black "Sanchez Martin Vanessa (ESP)"]
[Result "1-0"]
[WhiteElo "2406"]
[BlackElo "2105"]

1.d4 e6 2.c4 Nf6 3.Nc3 Bb4 4.e3 O-O 5.Bd3 d5 6.a3 Bxc3+ 7.bxc3 b6 8.cxd5 exd5
9.Ne2 Ba6 10.Bxa6 Nxa6 11.Qd3 Qc8 12.O-O c5 13.f3 Qb7 14.Ng3 Rfe8 15.Bb2 Nc7
16.Rae1 Qa6 17.Qd2 cxd4 18.cxd4 Nb5 19.e4 Nxa3 20.Nf5 h6 21.Qf4 Nc4 22.Bc1 b5
23.Nxg7 Kxg7 24.Qxh6+ Kg8 25.e5 Re6 26.Qg5+ Kh7 27.f4 Ne4 28.Qh5+ Kg8 29.f5
{#r} 1-0

[Event "It \"]
[Site "masterchessopen.com La Paz (Bolivia)"]
[Round "12"]
[White "Salas Cristian (CHI)"]
[Black "Ferrufino Boris (BOL)"]
[Result "1-0"]
[WhiteElo "2343"]
[BlackElo "2201"]

1.d4 Nf6 2.c4 e6 3.Nc3 Bb4 4.e3 O-O 5.Bd3 d5 6.a3 Bxc3+ 7.bxc3 c5 8.cxd5 exd5
9.Ne2 Nc6 10.O-O c4 11.Bc2 Re8 12.f3 Be6 13.Nf4 Qc7 14.Bd2 Rad8 15.Qb1 h6
16.Qb2 Nd7 17.e4 Nf8 18.Rae1 Ne7 19.Qc1 b6 20.Nh5 Nd7 21.Bxh6 g6 22.Bg7 gxh5
23.Qh6 f6 24.Bh8 {#r} 1-0

[Event "Ch Great Britain"]
[Site "masterchessopen.com Edinburgh (Scotland)"]
[Round "6"]
[White "Sundararajan Kidambi (IND)"]
[Black "Greet Andrew (ENG)"]
[Result "1-0"]
[WhiteElo "2476"]
[BlackElo "2362"]

1.d4 Nf6 2.c4 e6 3.Nc3 Bb4 4.e3 O-O 5.Bd3 d5 6.a3 Bxc3+ 7.bxc3 c5 8.cxd5 exd5
9.Ne2 b6 10.O-O Ba6 11.f3 Re8 12.Ng3 Qc8 13.e4 cxd4 14.cxd4 dxe4 15.fxe4 Qc3
16.Bxa6 Nxa6 17.e5 Qxa1 18.exf6 Nc7 19.Nf5 g6 20.Nh6+ Kf8 21.Bf4 Qxa3 22.Qc1
Qb4 23.Qxc7 Qxd4+ 24.Kh1 Qxf6 25.Bd6+ Kg7 26.Bf8+ Kh8 27.Nxf7+ Kg8 28.Nh6+ Kh8
29.Qc4 Rxf8 30.Rxf6 Rxf6 31.Qd4 Rf8 32.g4 g5 33.h4 Kg7 34.hxg5 Kg6 35.gxf6
Kxh6 36.Qf4+ Kg6 37.Qf5+ {#r} 1-0

[Event "It (open)"]
[Site "masterchessopen.com Faaker-See (Austria)"]
[Round "5"]
[White "Bergen Peter (AUT)"]
[Black "Kaster Martin (GER)"]
[Result "1-0"]
[WhiteElo "2235"]
[BlackElo "2122"]

1.d4 Nf6 2.c4 e6 3.Nc3 Bb4 4.e3 O-O 5.Bd3 d5 6.a3 Bxc3+ 7.bxc3 dxc4 8.Bxc4
Nbd7 9.Nf3 b6 10.O-O Bb7 11.Qe2 Ne4 12.Bb2 c5 13.Bd3 h6 14.Nd2 Nxd2 15.Qxd2 e5
16.f3 exd4 17.cxd4 Qe7 18.Bc2 Ba6 19.Rfe1 Qf6 20.dxc5 Qe7 21.Qd4 f6 22.Qd5+
Kh8 23.Qf5 g5 24.cxb6 axb6 25.Rad1 Nc5 26.Rd6 {#r} 1-0

[Event "It (open)"]
[Site "masterchessopen.com Oberwart (Austria)"]
[Round "6"]
[White "Cebalo Miso (CRO)"]
[Black "Pavlovic Milos (SRB)"]
[Result "0-1"]
[WhiteElo "2520"]
[BlackElo "2481"]

{ Cebalo Miso (CRO) +1 =1 -0 } 1.d4 { 1 } 1...Nf6 2.c4 e6 3.Nc3 Bb4 4.e3 O-O
5.Bd3 d5 6.a3 Bxc3+ 7.bxc3 dxc4 8.Bxc4 c5 9.Ne2 Qc7 10.Ba2 b6 11.O-O Ba6 { = }
12.Re1 ( 12.f3 Nc6 13.Rf2 Rfd8 14.Qa4 Na5 15.e4 cxd4 16.cxd4 Rac8 17.Qd1 h6
18.Bb2 Qe7 19.Rc1 Bc4 20.Bb1 b5 21.Qe1 Nc6 22.Rd1 a5 23.Ng3 Bb3 24.Rc1 b4
25.axb4 Nxb4 26.d5 Rxc1 27.Qxc1 Ne8 28.Qc3 a4 29.Ba3 Rb8 30.dxe6 Bxe6 31.Bc2
Nf6 { ...1-0, Timoscenko Gennadij 2490 - Kuzmin Gennadi P 2470 , Frunze 1987
It (cat.8) } ) 12...Nc6 ( 12...Nbd7 13.Ng3 cxd4 14.cxd4 Rac8 15.e4 Qc2 16.Bf4
Qxd1 17.Raxd1 Bc4 18.Bb1 Rfd8 19.Nf1 b5 20.Bd2 Nb6 21.Ba5 Rd7 22.Ne3 Rcd8
23.Bc3 Na4 { 1/2-1/2, Ramon Perez Jose 2286 - Roeder Mathias 2469 , Zaragoza
2001 It (open) } ) 13.Ng3 ( 13.Bb1 Rad8 14.Ng3 Na5 15.e4 cxd4 16.e5 dxc3
17.Qf3 Bb7 18.Qe2 Qc6 19.f3 Nd5 20.Qc2 g6 21.Ne4 Nc4 22.Nf2 Nd2 23.Ba2 Nf4
24.Ne4 Nh3+ 25.Kh1 Nxe4 26.fxe4 Qxe4 27.Rxe4 Bxe4 28.Qe2 Rd1+ 29.Qxd1 Nf2+
30.Kg1 Nxd1 { 0-1, Piot Olivier 2223 - Shchekachev Andrei 2580 , Saint-Quentin
2001 It (open) } ) 13...Rfd8 14.Bb2 { } ( 14.Nh5 Nxh5 15.Qxh5 Na5 16.d5 exd5
17.Bxd5 Bb7 18.c4 b5 19.Bxb7 Qxb7 20.Rb1 Nxc4 21.Qxc5 Rab8 22.a4 a6 23.axb5
axb5 24.h3 Rdc8 25.Qb4 h6 26.e4 Qc7 27.Rb3 Re8 28.Rd3 Qc6 29.Bf4 Rbd8 30.Rxd8
Rxd8 31.Bg3 Rd2 32.Kh2 Rd4 33.Qe7 Qd7 { ...1/2-1/2, Aleksandrov Aleksej 2595 -
Itkis Boris 2465 , Kishinev 1998 It (cat.12) } ) 14...Rd7 { N } ( 14...Na5
15.a4 ( 15.e4 Ne8 16.e5 Bc4 17.Bxc4 Nxc4 18.Bc1 cxd4 19.cxd4 Rd5 20.Qg4 Rad8
21.Be3 Nxe3 22.fxe3 Qe7 23.Nh5 f5 24.Qf3 R5d7 25.Nf4 Nc7 26.Qc6 Re8 27.Rac1
Nd5 28.Nxd5 Rxd5 29.g3 h5 30.Rf1 Rdd8 31.Qf3 Qxa3 32.Ra1 Qe7 33.Qxh5 Rc8
34.Rf4 { ...1-0, Ibragimov Ildar 2585 - Tiviakov Sergei 2590 , Elista 1997 Ch
Russia (olympic system) } ) 15...Bc4 16.Bxc4 Nxc4 17.Qe2 Na5 18.e4 Rac8 19.d5
exd5 20.exd5 Qf4 21.c4 Qxc4 22.Qe7 Qxd5 23.Bxf6 Nc6 24.Qe3 gxf6 25.Ne4 Kh8
26.Nxf6 Qf5 27.Ne4 Nd4 28.Rad1 Rc6 29.Ng3 Qg6 30.Qe5+ f6 31.Qf4 Rcd6 32.Kh1
Qg5 33.Qe4 R6d7 34.h3 { ...1/2-1/2, Georgiev Kiril 2595 - Hjartarson Johann
2610 , Linares 1988 It (cat.15) } ) ( 14...Rac8 15.e4 ( 15.Rc1 Na5 16.e4 e5
17.d5 Bc4 18.Bb1 Bb3 19.Qe2 c4 20.Nf5 Ne8 21.Qg4 f6 22.Re3 Nb7 23.Rg3 Nbd6
24.Nh6+ Kf8 25.Qe6 Nf7 26.Nxf7 Qxf7 27.Qh3 h5 28.Qf5 g5 29.a4 h4 30.Ba3+ Kg8
31.Re3 Bxa4 32.h3 Bd7 33.Qf3 Ng7 34.Rd1 { ...0-1, Rahmani Chebly 2212 - Rizouk
Aimen 2350 , Tunisia 2000 It } ) 15...Qf4 16.h3 cxd4 17.cxd4 Ne5 18.Bb1 Rc7
19.Bc1 Qh4 20.Ra2 Nc4 21.d5 Bc8 22.Qf3 Nd7 23.dxe6 fxe6 24.Qf4 Qxf4 25.Bxf4 e5
26.Bg5 Nf6 27.Rc2 Be6 28.Ba2 b5 29.Nf5 Kf8 30.a4 a6 31.axb5 axb5 32.Rb1 Ra7
33.Bxf6 gxf6 34.Bxc4 { ...1-0, Ibragimov Ildar 2585 - Voitsekhovsky Stanislav
2480 , Kstovo 1997 Cup Russia (open) } ) 15.c4 Ne5 16.Qa4 Nd3 17.Qxa6 Nxb2
18.Qb5 Nd3 19.Red1 Nxf2 20.Kxf2 Ng4+ 21.Kg1 { ?! } ( 21.Ke2 { !? } 21...cxd4
22.Qg5 d3+ 23.Kf1 { } ) 21...Nxe3 22.Rd2 Rxd4 23.Rxd4 cxd4 24.Nf1 Rd8 25.Qb2
Ng4 26.Qe2 h5 27.Qd3 Ne5 28.Qg3 { ! } ( 28.Qh3 { ? } 28...d3 29.Qh4 Qc5+
30.Kh1 { } ) 28...d3 29.Nd2 Qc5+ 30.Kf1 { ? } ( { ? } 30.Kh1 Ng4 31.h3 Ne3
32.Qf2 { } ) 30...Ng4 31.Re1 Qg5 32.Qc7 Qxd2 33.Qxd8+ Kh7 34.Qh4 Qf4+ 35.Kg1
Qd4+ 36.Kf1 d2 37.Bb1+ Kh6 { } {#R} 0-1

[Event "It (open) (c)"]
[Site "masterchessopen.com Aragon (Spain)"]
[Round "0"]
[White "De La Rocha Ramon (ESP)"]
[Black "Roche Simon Miguel A (ESP)"]
[Result "1-0"]
[WhiteElo "2320"]
[BlackElo "2178"]

1.d4 Nf6 2.c4 e6 3.Nc3 Bb4 4.e3 O-O 5.Bd3 d5 6.a3 Bxc3+ 7.bxc3 c5 8.cxd5 exd5
9.Ne2 c4 10.Bc2 Bg4 11.f3 Bh5 12.Nf4 Qe7 13.O-O Bg6 14.Nxg6 hxg6 15.e4 dxe4
16.fxe4 Nxe4 17.Qe2 Re8 18.Re1 f5 19.Qxc4+ Qf7 20.Qa4 Qd7 21.Bb3+ Kf8 22.Qc4
Nf6 23.Bf4 Re4 24.Be5 Nc6 {#r} 1-0

[Event "It (open) (c)"]
[Site "masterchessopen.com Aragon (Spain)"]
[Round "0"]
[White "Lasanta Rica Cesar (ESP)"]
[Black "Marin Tolosa Guillermo"]
[Result "1-0"]
[WhiteElo "2305"]
[BlackElo "1926"]

1.d4 Nf6 2.c4 e6 3.Nc3 Bb4 4.e3 O-O 5.Bd3 d5 6.a3 Bxc3+ 7.bxc3 c5 8.cxd5 exd5
9.Ne2 b6 10.O-O Ba6 11.f3 Bxd3 12.Qxd3 Re8 13.g4 h6 14.Ng3 Nc6 15.Ra2 Qd7
16.Rg2 Rad8 17.h4 Ne7 18.Kf2 g6 19.Kg1 Kg7 20.e4 dxe4 21.fxe4 Nxg4 22.Qf3 Ng8
23.Ne2 h5 24.e5 Qd5 25.Qf4 N8h6 26.Qg5 c4 27.Nf4 Qe4 28.Nxh5+ Kh8 29.Nf6 Nxf6
30.Qxh6+ Nh7 31.Rxf7 g5 32.Qg7# 1-0

[Event "Cup Croatia (team)"]
[Site "masterchessopen.com Rabac (Croatia)"]
[Round "9"]
[White "Martic Zlatko (CRO)"]
[Black "Dizdar Goran (CRO)"]
[Result "1-0"]
[WhiteElo "2297"]
[BlackElo "2535"]

1.d4 Nf6 2.c4 e6 3.Nc3 Bb4 4.e3 O-O 5.Bd3 d5 6.a3 Bxc3+ 7.bxc3 dxc4 8.Bxc4 c5
9.Ne2 Nc6 10.O-O e5 11.Bb5 Qc7 12.d5 Rd8 13.c4 Ne7 14.Ba4 Ne4 15.Bb2 f6 16.f4
exf4 17.Nxf4 Nf5 18.Bc2 Nfd6 19.Nh5 Qe7 20.Rf4 Bf5 21.Bxe4 Bxe4 22.Nxf6+ gxf6
23.Bxf6 Qe8 24.Qg4+ Qg6 25.Qe6+ Nf7 26.Rxe4 {#r} 1-0

[Event "It (open)"]
[Site "masterchessopen.com Zadar (Croatia)"]
[Date "2004.12.16"]
[Round "6"]
[White "Kovacevic Blazimir (CRO)"]
[Black "Kutuzovic Branko (CRO)"]
[Result "0-1"]
[WhiteElo "2503"]
[BlackElo "2369"]

1.d4 Nf6 2.c4 e6 3.Nc3 Bb4 4.e3 O-O 5.Bd3 d5 6.a3 Bxc3+ 7.bxc3 dxc4 8.Bxc4 c5
9.Ne2 Qc7 10.Ba2 b6 11.O-O Ba6 12.Re1 Nc6 13.Ng3 Rad8 14.Qf3 Na5 15.Rd1 e5
16.d5 Ne8 17.e4 Nd6 18.h4 Bc4 19.Bxc4 Naxc4 20.a4 Qd7 21.Qe2 Rde8 22.Nf1 f5
23.exf5 Qxf5 24.Ne3 Qe4 25.g3 Rf3 26.Ra2 Nxe3 27.Bxe3 Qg4 28.Kg2 Ref8 29.Rh1
Ne4 {#R} 0-1

[Event "Bayern Regionalliga Northwest 2004/05"]
[Site "masterchessopen.com Bayern (Germany)"]
[Date "2005.02.13"]
[Round "7"]
[White "Gehlert Klaus (GER)"]
[Black "Lechleitner Walter"]
[Result "1-0"]
[WhiteElo "2251"]
[BlackElo "1977"]

1.d4 e6 2.c4 Nf6 3.Nc3 Bb4 4.e3 O-O 5.Bd3 d5 6.a3 Bxc3+ 7.bxc3 Re8 8.cxd5 exd5
9.Ne2 Nc6 10.O-O Bg4 11.f3 Bh5 12.Ng3 Bg6 13.Ra2 Na5 14.Re2 c5 15.Bxg6 hxg6
16.e4 Nh5 17.Nxh5 gxh5 18.e5 Nc4 19.f4 f5 20.exf6 Rxe2 21.Qxe2 Qxf6 22.Qxh5
Rd8 23.f5 Qf7 24.Qg4 cxd4 25.Qxd4 Qf6 26.Qxa7 Qxc3 27.Bg5 Re8 28.Qc5 d4
29.Qd5+ Kh7 30.f6 Re1 31.Qf5+ Kg8 32.f7+ {#r} 1-0